ბათუმის შოთა რუსთაველის სახელმწიფო უნივერსიტეტის ბიბლიოთეკა

თარგმნები და ასოციაციები (ბიბ.ჩანაწერი № 35822)

000 -LEADER
fixed length control field 00637nam a2200217Ia 4500
001 - CONTROL NUMBER
control field 1711
003 - CONTROL NUMBER IDENTIFIER
control field GE_BSU
008 - FIXED-LENGTH DATA ELEMENTS--GENERAL INFORMATION
fixed length control field 181216s||||||||xx |||||||||||||| ||und||
020 ## - INTERNATIONAL STANDARD BOOK NUMBER
International Standard Book Number 9992897694
040 ## - CATALOGING SOURCE
Transcribing agency GE_BSU
080 ## - UNIVERSAL DECIMAL CLASSIFICATION NUMBER
Universal Decimal Classification number 821.161.1
100 ## - MAIN ENTRY--PERSONAL NAME
Personal name წიბახაშვილი, გიორგი
245 ## - TITLE STATEMENT
Title თარგმნები და ასოციაციები
245 ## - TITLE STATEMENT
Statement of responsibility, etc. რედ. კახაბერ ჭეიშვილი
260 ## - PUBLICATION, DISTRIBUTION, ETC.
Place of publication, distribution, etc. თბილისი
260 ## - PUBLICATION, DISTRIBUTION, ETC.
Name of publisher, distributor, etc. უნივერსალი
260 ## - PUBLICATION, DISTRIBUTION, ETC.
Date of publication, distribution, etc. 2003
300 ## - PHYSICAL DESCRIPTION
Extent 104 გვ. 16 სმ.
942 ## - ADDED ENTRY ELEMENTS (KOHA)
Koha item type წიგნი
ეგზემპლარები
Withdrawn status Lost status Damaged status Not for loan Date acquired Barcode Date last seen Price effective from Koha item type Public note
        2018-12-17 3612 2018-12-17 2018-12-17 წიგნი დარბაზი